00620nam a2200193Ia 4500008004100000020001800041082001200059100002500071245004000096250000800136260003800144300003100182500001900213600002000232650002000252942000700272952013000279999001700409240925s9999 xx 000 0 und d a9789332579439 a339 MIS aMishkin, Frederic S. 0aMacroeconomics: policy and practice a2nd aIndia:bPearson Educationc,2017. aVarious pagesb0fOriginal aIncludes Index aSocial Sciences aSocial Sciences cBK 001040708SSaUITUbUITUd2019-01-21eAllied Book Companyg1914.66l0o339 MISpQ13785r2024-09-25 07:16:59w2024-09-25yBK c16284d16284